Countries Names In Countries Names - Statistics

General Stats
  • This quiz has been taken 54 times
  • The average score is 8 of 8
Answer Stats
Country Country In Country % Correct
Nigeria Niger
98%
South Sudan Sudan
98%
Australia Austria
95%
Dominican Republic Dominica
95%
Ukraine UK
95%
Indonesia India
93%
Somalia Mali
93%
American Samoa Samoa
90%
No matching quizzes found
Score Distribution
Percent of People with Each Score
Percentile by Number Answered
Your Score History
You have not taken this quiz